guess the Bengal's player - Statistics

General Stats
  • This quiz has been taken 29 times
  • The average score is 10 of 14
Answer Stats
Picture Answer % Correct
Ja Marr Chase
96%
Joe Burrow
92%
Jake Browning
88%
Chase Brown
85%
Tee Higgins
85%
Trey Hendrickson
81%
Samaje Perine
77%
Amarius Mims
62%
Jordan Battle
62%
Geno Stone
58%
Dax Hill
54%
Dylan Fairchild
54%
Noah Fant
54%
Andre Iosivas
50%
No matching quizzes found
Score Distribution
Percent of People with Each Score
Percentile by Number Answered
Your Score History
You have not taken this quiz